Povstanie bez legiend
| Titel: | Povstanie bez legiend : dvadsat' kapitol o príprave a začiatku Slovenského národného povstania / Jozef Jablonický ; editor: Tomáš Jablonický |
|---|---|
| Verfasser: | |
| Beteiligt: | |
| Ausgabe: | Druhé, rozšírené vydanie |
| Veröffentlicht: | Bratislava : N Press, 2024 |
| Umfang: | 558 Seiten |
| Format: | Buch |
| Sprache: | Slowakisch |
| ISBN: | 9788082302373 |
| Hinweise zum Inhalt: |
Inhaltsverzeichnis
Buch Bibliographie Cover Abstract |
alg: 52008440 001A $03004:23-07-24 001B $01999:21-11-25 $t16:16:34.000 001D $03004:05-08-24 001U $0utf8 001X $00 002@ $0Aau 002C $aText $btxt $2rdacontent 002D $aohne Hilfsmittel zu benutzen $bn $2rdamedia 002E $aBand $bnc $2rdacarrier 003@ $0520084403 004A $A978-80-8230-237-3 007A $0520084403 $aHEB 007G $0DE020E8827CA2D301D5F8C1258B71003EB365 009P $qapplication/pdf $A2 $3Inhaltsverzeichnis $uhttp://scans.hebis.de/HEBCGI/show.pl?52008440_toc.pdf $mV:DE-603;B:DE-Mb50 009P $qapplication/pdf $A2 $3Buch Bibliographie $uhttp://scans.hebis.de/HEBCGI/show.pl?52008440_bib.pdf $mV:DE-603;B:DE-Mb50 009P $qapplication/pdf $A2 $3Cover $uhttp://scans.hebis.de/HEBCGI/show.pl?52008440_cov.pdf $mV:DE-603;B:DE-Mb50 009P $qapplication/pdf $A2 $3Abstract $uhttp://scans.hebis.de/HEBCGI/show.pl?52008440_sum.pdf $mV:DE-603;B:DE-Mb50 010@ $aslo 011@ $a2024 021A $aPovstanie bez legiend $ddvadsat' kapitol o príprave a začiatku Slovenského národného povstania $hJozef Jablonický ; editor: Tomáš Jablonický 028A $BVerfasser $#Jablonický, J. $4aut $7131621351 $8Jablonický, Jozef$Z1933-2012 [Tp1] $9177944080 028C $BVerfasser eines Geleitwortes $4aui $71104184168 $8Syrný, Marek$Z1977- [Tp3] $9381730131 032@ $aDruhé, rozšírené vydanie 033A $pBratislava $nN Press 034D $a558 Seiten 037A $aLiteraturverzeichnis Seite 513-532 044K $7125000014 $8Viest, Rudolf$Z1890-1945 [Tp1] $9114003068 044K $RTschechoslowakei $RTschechoslowakei $#Slowakei $#Slowakei $#Slowakei $#Slowakische Republik (1938-1945) $#Slowakische Republik $#Oberungarn $#Slovensko $#Slovenská Republika $#Slovenská SR $#SSR $#Slovakia $#Slovaquie $#Slovak Republic $#République Slovaque $#Slovenská Socialistická Republika $#Slowakische Sozialistische Republik $#Slovak Socialist Republic $#République Socialiste Slovaque $74055297-4 $8Slowakei [Tg1] $9085153834 044K $RAufstand $RWeltkrieg $#Slowakischer Nationalaufstand $74199439-5 $8Aufstand in der Slowakei$g1944 [Ts1] $9086006207 045F $a900.9437309043 $eDDC23BSB 045F/01 $a900 045F/03 $f09043 045F/03 $f09044 045F/03 $g4373 lok: 52008440 24 exp: 52008440 24 1 #EPN 201B/01 $005-08-24 $t13:32:57.000 201C/01 $023-07-24 201U/01 $0utf8 203@/01 $01267640065 208@/01 $a05-08-24 $bz 209A/01 $a24.04134 $du $f050 $h24 04134 $x00 209C/01 $a24.04134 K $h24 04134 K 209G/01 $a74848257 $x00 220C/01 $akoe 247C/01 $8358050-7Marburg, Bibliothek des Herder-Instituts Marburg $9102600961
| LEADER | 00000cam a2200000 c 4500 | ||
|---|---|---|---|
| 001 | 520084403 | ||
| 003 | DE-603 | ||
| 005 | 20251121161634.0 | ||
| 007 | tu | ||
| 008 | 240723s2024 xx |||| | u00||u|slo c | ||
| 020 | |a 9788082302373 | ||
| 035 | |a (DE-599)HEB520084403 | ||
| 040 | |a DE-603 |b ger |c DE-603 |d DE-603 | ||
| 041 | |a slo | ||
| 082 | 0 | 4 | |8 1\u |a 900.9437309043 |q DE-101 |2 23/BSB |
| 085 | |8 1\u |b 900 | ||
| 085 | |8 1\u |z 1 |s 09043 | ||
| 085 | |8 1\u |z 1 |s 09044 | ||
| 085 | |8 1\u |z 2 |s 4373 | ||
| 100 | 1 | |a Jablonický, Jozef |d 1933-2012 |e Verfasser |4 aut |0 (DE-603)177944080 |0 (DE-588)131621351 |2 gnd | |
| 245 | 0 | 0 | |a Povstanie bez legiend |b dvadsat' kapitol o príprave a začiatku Slovenského národného povstania |c Jozef Jablonický ; editor: Tomáš Jablonický |
| 250 | |a Druhé, rozšírené vydanie | ||
| 264 | 1 | |a Bratislava |b N Press |c 2024 | |
| 300 | |a 558 Seiten | ||
| 336 | |a Text |b txt |2 rdacontent | ||
| 337 | |a ohne Hilfsmittel zu benutzen |b n |2 rdamedia | ||
| 338 | |a Band |b nc |2 rdacarrier | ||
| 500 | |a Literaturverzeichnis Seite 513-532 | ||
| 600 | 1 | 7 | |a Viest, Rudolf |d 1890-1945 |0 (DE-588)125000014 |0 (DE-603)114003068 |2 gnd |
| 650 | 7 | |a Aufstand in der Slowakei |g 1944 |0 (DE-588)4199439-5 |0 (DE-603)086006207 |2 gnd | |
| 651 | 7 | |a Slowakei |0 (DE-588)4055297-4 |0 (DE-603)085153834 |2 gnd | |
| 700 | 1 | |a Syrný, Marek |d 1977- |e Verfasser eines Geleitwortes |4 aui |0 (DE-603)381730131 |0 (DE-588)1104184168 |2 gnd | |
| 856 | 4 | 2 | |m V:DE-603;B:DE-Mb50 |q application/pdf |u http://scans.hebis.de/HEBCGI/show.pl?52008440_toc.pdf |3 Inhaltsverzeichnis |
| 856 | 4 | 2 | |m V:DE-603;B:DE-Mb50 |q application/pdf |u http://scans.hebis.de/HEBCGI/show.pl?52008440_bib.pdf |3 Buch Bibliographie |
| 856 | 4 | 2 | |m V:DE-603;B:DE-Mb50 |q application/pdf |u http://scans.hebis.de/HEBCGI/show.pl?52008440_cov.pdf |3 Cover |
| 856 | 4 | 2 | |m V:DE-603;B:DE-Mb50 |q application/pdf |u http://scans.hebis.de/HEBCGI/show.pl?52008440_sum.pdf |3 Abstract |
| 924 | 0 | |9 Mb 50 |a (DE-603)1267640065 |b DE-Mb50 |c HES |d c |g 24.04134 | |


